| 000 | 00798cam a2200205 a 4500 | ||
|---|---|---|---|
| 001 | 000014563 | ||
| 005 | 20240422203111.0 | ||
| 008 | 970918s1997 uy a 000 0 spa | ||
| 040 |
_aDO-SdBNP _bspa _cBNPHU |
||
| 082 |
_a303.38 _bC322p |
||
| 245 | 0 | 0 |
_aCartas al Parlamento : _blo que los jóvenes proponen al país / _ccoordinadores, Alexis Jano Ros y Antonio J. Lacarte ; editor Orlando Marabote. |
| 260 |
_a[Uruguay] : _b[Programa de las Naciones Unidas para el Desarrollo] ; _b[Unicef], _c[1997]. |
||
| 300 |
_a128 p. : _bil. ; _c19 cm. |
||
| 650 | 4 |
_aOpinión pública _xUruguay _932964 |
|
| 650 | 4 |
_aOpinión pública _9423 |
|
| 650 | 0 |
_aProblemas sociales _99290 |
|
| 700 | 1 |
_aJano Ros, Alexis, _d1959- _932965 |
|
| 700 | 1 |
_aLacarte, Antonio J. _932966 |
|
| 700 | 1 |
_aMarabote, Orlando, _eed. _932967 |
|
| 999 |
_c14150 _d14150 |
||